000 00776nas a22002171i#4500
001 581
003 ES-MaACL
005 20250828062526.0
008 950801d18401843fr | | 1 ||re d
245 0 2 _aL'Instituteur, Manuel général de l'instruction primaire.
260 _aParis :
_bF.-G. Levrault : F. Didot frères : L. Hachette,
_c1840-1843.
300 _a3 v. ;
_c21 cm.
310 _aMensual
362 0 _a2e s., t. 1 (1840, nov.)-t. 3 (1843)
500 _aDe nov. 1840 à 1843 divisé en 2 parties : "Bulletin officiel" et "Méthodes, bibliographies et mélanges"
650 7 _aEducación
_2embne
_912073
852 _aES-MaACL
_jB-8006-08
852 _aES-MaACL
_jG-1307
_z.- Es el vol. 1º de la segunda serie (1841)
866 0 _o1840-43
999 _c581
_d581